| 000 | 00393nam a22001337a 4500 | ||
|---|---|---|---|
| 003 | NUST | ||
| 005 | 20240321123653.0 | ||
| 008 | 240321b ||||| |||| 00| 0 eng d | ||
| 028 | _aCRC Press | ||
| 082 |
_a307.1216028 _bMAR |
||
| 245 |
_aGIS in Sustainable Urban Planning and Management: A Global Perspective 1st Edition _cby Martin van Maarseveen |
||
| 260 | _c2019 | ||
| 942 |
_2ddc _cBK _e1st Ed |
||
| 999 |
_c608717 _d608717 |
||